000 05176nab a2200373 4500
003 BR-BrBNA
005 20251003115404.0
008 251003b2023 bl.ar|pooa||| 00| 0 eng |
040 _aBR-BrBNA
_bpor
072 _aP01 ; E11 ; U40
100 _aScaramussa, Larissa Marin
100 _aBorges, Luís Antônio Coimbra
100 _aSantos, Alexandre Rosa dos
100 _aVieira, Marlice Paes Leme
100 _aPautz, Clebson
100 _aScaramussa, Marcela
100 _aSouza, Rayana Marcelino de
245 _aEnvironmental vulnerability of Itabira Natural Monument, ES, Brazil
500 _aSummaries (En, Pt); 15 ref.; 5 illus.
520 _aABSTRACT – The institution of biological value areas through the creation of Natural Protected Areas is an essential tool for protecting the country’s environmental resources to face advanced anthropic development in natural areas, either to increase agriculture production or for economic growth. Environmental vulnerability studies combined with geotechnological tools have been vital to identifying the most vulnerable areas and consequently help Conservation Units protection. This study aimed to analyze environmental vulnerability at the buffer zone of Itabira Natural Monument (MONAI) in Cachoeiro de Itapemirim, Brazil. The necessary methodological steps for this study were as follows: a) Photointerpretation of land use; b) Anthropic variables selection; c) Application of Euclidean distance function in variables vector images; d) Application of fuzzy membership function in variables raster images; e) Application of Analytical Hierarchical Process (AHP); and f) Spatial classification of environmental vulnerability around MONAI. Land use conflicts reveal a relevant presence of pasture areas, representing 49.80% of the buffer zone. This fact corroborates with its Euclidean distance value, which showed the lowest linear value, 836 meters. Eight anthropic variables have been incorporated, highlighting crops, urban areas, exposed soil and pasture. Jenks natural breaks defined five vulnerability classes. According to the results, 57.14% of the entire MONAI buffer zone is represented by the high and very high classes. The outdated law creation of MONAI and the need for a management plan result in a vulnerable buffer zone. The present study can support management plan formulation and assist MONAI’ buffer zone delimitation. Keywords: Natural Protected Areas; Buffer zone; Geotechnology.
520 _aRESUMO – A instituição de áreas de elevado valor biológico por meio da criação Unidades de Conservação (UC’s) tem se tornado importante instrumento de proteção aos recursos ambientais no país, frente ao desenfreado avanço antrópico sobre ambientes naturais. Os estudos de vulnerabilidade ambiental aliados à geotecnologia têm se mostrado uma relevante ferramenta na identificação de áreas mais vulneráveis, e, consequentemente, no gerenciamento e proteção das UC’s. Este trabalho objetivou analisar a vulnerabilidade ambiental no entorno do Monumento Natural do Itabira (MONAI), localizado no município de Cachoeiro de Itapemirim/ES, por meio de ferramentas geotecnológicas e inteligência artificial. As etapas metodológicas necessárias para este estudo foram: a) fotointerpretação do uso e ocupação da terra; b) seleção das variáveis antrópicas; c) aplicação da distância euclidiana nos vetores representativos das variáveis; d) aplicação da lógica Fuzzy nas matrizes das variáveis de distância euclidiana; e) aplicação do método Hierárquico Analítico (AHP); e f) espacialização das áreas de vulnerabilidade ambiental no entorno do MONAI. Os conflitos de uso e ocupação da terra demonstraram presença majoritária de pastagens, representando 49,80% da área de estudo, corroborando com o cálculo da distância euclidiana que atribuiu a esta variável o menor valor linear em relação à UC, 836 metros. Dentre as 5 classes de vulnerabilidade definidas pelas quebras naturais de Jenks, observou-se que 57,14% do entorno do MONAI é representado pelas classes alta e muito alta. A desatualização da lei de criação do MONAI e a inexistência de plano de manejo implicam no mapeamento de uma zona de amortecimento majoritariamente vulnerável ambientalmente. O presente estudo pode subsidiar a elaboração do plano de manejo e a demarcação da zona de amortecimento do MONAI. Palavras-Chave: Unidade de conservação; Zona de amortecimento; Geotecnologias.
650 _aMONUMENTO NATURAL DE ITABIRA
650 _aESPÍRITO SANTO
650 _aUNIDADE DE CONSERVAÇÃO
650 _aPROTEÇÃO AMBIENTAL
650 _aGESTÃO AMBIENTAL
650 _aFOTOINTERPRETAÇÃO
650 _aUSO DA TERRA
650 _aMANEJO
773 0 _0812
_9346930
_dViçosa-MG Sociedade de Investigações Florestais - Universidade Federal de Viçosa. Depto. de Engenharia Florestal 1977
_o2024-7728
_tRevista Árvore (Brazil)
_x0100-6762
_gv. 47 p. 1-12; (2023)
_wBR2025003791
856 _uhttps://www.scielo.br/j/rarv/a/RV6wGWDhvcM9dCC9RjcYJFm/?format=pdf&lang=en
942 _cANA
999 _c338555
_d338555